| 000 | 00650nam a22002297a 4500 | ||
|---|---|---|---|
| 003 | UA-OsUOA | ||
| 001 | 28182 | ||
| 007 | ta | ||
| 008 | 20040929b un ||||| |||| 00| 0 ukr d | ||
| 090 |
_a811.34 _bД73 |
||
| 942 | _cBK | ||
| 040 |
_aUA-OsUOA _brus _cUA-OsUOA _dUA-OsUOA |
||
| 245 |
_aДревние языки малой Азии _bСборник статей _cРед. М. А.Оборина И. М.Дьяконов В. В.Иванов |
||
| 300 |
_a432 с. _bІлюстрації |
||
| 955 | _a0 | ||
| 041 | _arus | ||
| 080 | _a811.34 | ||
| 260 |
_aМосква _bПрогресс _c1980 |
||
| 044 | _aRU | ||
| 650 | 7 | _2UDC | |
| 999 |
_c314543 _d314543 |
||